| 000 | 00462nam a22001457a 4500 | ||
|---|---|---|---|
| 008 | 210729b ||||| |||| 00| 0 eng d | ||
| 082 | _aCD15321 | ||
| 100 | _aAdhikari, Kalpana | ||
| 245 | _aKathmandu jillaka kaksha 7 ma adhyayanrat vidyarthiharuko pathanbodha kshamatako adhyayan | ||
| 260 |
_aKathmandu: _c2019 |
||
| 502 | _aDissertation (Degree in Nepali education), TU | ||
| 650 | _aReading comprehension | ||
| 650 | _aPrimary school | ||
| 942 |
_2ddc _cVM |
||
| 999 |
_c100237 _d100226 |
||